000 01008nam a22002537a 4500
999 _c890
_d890
003 AR-CdUCM
008 190225b ||||| |||| 00| 0 spa d
040 _aMUNICIPALIDAD PROVINCIAL DEL CUSCO
_cBIBLIOTECA MUNICIPAL DEL CUSCO
082 _a869.5604 /
_bB25
100 _aBarrionuevo, Roberto
_93424
245 _a"Crónicas y ensayos" : 1911-1966 /
246 _aEdición en homenaje al centenario de su nacimiento.
260 _aCusco :
_bImprenta Panin,
_c1995.
300 _a193 páginas
_c20 cm.
500 _a¨Prólogo de José Tamayo Herrera.
505 _aContenido: Crónica y ensayos (1911-1966) -- Crónicas primeras -- A pequeños sorbos -- Seda y algodón -- Bronce y plata -- Charlas discretas -- Últimas crónicas...
650 _aEnsayos periodísticos
_91178
650 _aCrónicas periodísticas
_93425
650 _aSiglo XX
_98
650 _aRoberto Barrionuevo
_93426
700 _aHerrera Tamayo, José (Prólogo).
_93427
942 _2ddc
_cLIBROS
945 _alccs
_d2019-02-25